<?xml version="1.0" encoding="UTF-8"?>
<record
    xmlns:xsi="http://www.w3.org/2001/XMLSchema-instance"
    xsi:schemaLocation="http://www.loc.gov/MARC21/slim http://www.loc.gov/standards/marcxml/schema/MARC21slim.xsd"
    xmlns="http://www.loc.gov/MARC21/slim">

  <leader>00780nam a2200193Ia 4500</leader>
  <controlfield tag="003">IN-BaIIA</controlfield>
  <controlfield tag="008">211028s9999    xx            000 0 eng d</controlfield>
  <datafield tag="020" ind1=" " ind2=" ">
    <subfield code="a">963-05-1063-4</subfield>
  </datafield>
  <datafield tag="040" ind1=" " ind2=" ">
    <subfield code="c">IIA Library</subfield>
  </datafield>
  <datafield tag="080" ind1=" " ind2=" ">
    <subfield code="a">082.2:52</subfield>
    <subfield code="b">IAU-C29</subfield>
  </datafield>
  <datafield tag="111" ind1=" " ind2=" ">
    <subfield code="n">29th</subfield>
    <subfield code="c">Budapest, Hungary</subfield>
    <subfield code="d">1975 Sep. 1-5</subfield>
    <subfield code="9">9805</subfield>
  </datafield>
  <datafield tag="245" ind1=" " ind2="0">
    <subfield code="a">Multiple Periodic Variable Stars</subfield>
    <subfield code="b">proceedings of the international Astronomical Union colloquium no. 29 Multiple Periodic Variable Stars, held in Budapest, Hungary, 1&#x2013;5 Sept.ember 1975</subfield>
    <subfield code="c">edited by W. S. Fitch                                          </subfield>
  </datafield>
  <datafield tag="260" ind1=" " ind2=" ">
    <subfield code="a">Budapest</subfield>
    <subfield code="b">Akademiai Kiado</subfield>
    <subfield code="c">1976</subfield>
  </datafield>
  <datafield tag="300" ind1=" " ind2=" ">
    <subfield code="a">[various pagings.]</subfield>
  </datafield>
  <datafield tag="650" ind1=" " ind2=" ">
    <subfield code="a">Astronomy and Astrophysics thesaurus</subfield>
  </datafield>
  <datafield tag="650" ind1=" " ind2=" ">
    <subfield code="a">Variable Stars</subfield>
    <subfield code="9">1140</subfield>
  </datafield>
  <datafield tag="700" ind1=" " ind2=" ">
    <subfield code="a">Fitch, W. S., ed.</subfield>
    <subfield code="9">9806</subfield>
  </datafield>
  <datafield tag="942" ind1=" " ind2=" ">
    <subfield code="c">BK</subfield>
  </datafield>
  <datafield tag="999" ind1=" " ind2=" ">
    <subfield code="c">5644</subfield>
    <subfield code="d">5644</subfield>
  </datafield>
  <datafield tag="952" ind1=" " ind2=" ">
    <subfield code="0">0</subfield>
    <subfield code="1">0</subfield>
    <subfield code="4">0</subfield>
    <subfield code="7">0</subfield>
    <subfield code="a">BAN</subfield>
    <subfield code="b">BAN</subfield>
    <subfield code="c">GEN</subfield>
    <subfield code="d">1977-12-06</subfield>
    <subfield code="g">198.83</subfield>
    <subfield code="l">0</subfield>
    <subfield code="o">082.2:52/ IAU-C29</subfield>
    <subfield code="p">6315</subfield>
    <subfield code="r">2021-11-05</subfield>
    <subfield code="v">198.83</subfield>
    <subfield code="w">1977-12-06</subfield>
    <subfield code="y">BK</subfield>
    <subfield code="G">Rs. 198.83</subfield>
  </datafield>
</record>
